| 000 | 00862 a2200229 4500 | ||
|---|---|---|---|
| 003 | NUST | ||
| 005 | 20221207153202.0 | ||
| 010 | _a 97009808 | ||
| 020 | _a1855674440 (hardback) | ||
| 020 | _a1855674459 (pbk.) | ||
| 040 | _cNust | ||
| 082 | 0 | 0 | _a297,CHO |
| 100 | 1 |
_aChoueiri, Youssef M., _9104361 |
|
| 245 | 1 | 0 |
_aIslamic fundamentalism / _cYousef M. Choueiri. |
| 250 | _aRev. ed. | ||
| 260 |
_aLondon ; _aWashington, D.C. : _bPinter, _c1997. |
||
| 300 |
_axx, 201 p. : _c24 cm. |
||
| 440 | 0 |
_aThemes in right-wing ideology and politics series _9104362 |
|
| 505 | _aIslam And Islamic Revivalism (Page-1), Islamic Reformism (Page-19), Islamic Radicalism (Page-44), The Transcendence Of Islam (Page-63), The Diagnosis (Page-91), The Doctrine And Its Methods (Page-123), Epilogue (Page-158). | ||
| 650 | 0 |
_aIslam _y20th century. |
|
| 942 |
_2ddc _cBK _k297,CHO |
||
| 999 |
_c185052 _d185052 |
||